Borussia Dortmund Meister-Kader 11/12 - Statistiken

Allgemein
  • Dieses Quiz wurde 111 mal gespielt
  • Das Durchschnittsergebnis liegt bei 15 aus 24
Antwortstatistiken
Hint Antwort % Korrekt
1 Roman Weidenfeller
98%
15 Mats Hummels
96%
Trainer Jürgen Klopp
91%
9 Robert Lewandowski
89%
29 Marcel Schmelzer
86%
11 Mario Götze
85%
4 Neven Subotic
79%
19 Kevin Großkreutz
75%
18 Lucas Barrios
74%
21 Ilkay Gündogan
72%
16 Jakub Blaszczykowski
71%
25 Sebastian Kehl
70%
26 Lukasz Piszczek
69%
23 Shinji Kagawa
68%
20 Mitchell Langerak
63%
6 Sven Bender
55%
27 Felipe Santana
50%
10 Mohamed Zidan
36%
7 Moritz Leitner
35%
14 Ivan Perisic
30%
25 Patrick Owomoyela
30%
8 Antonio da Silva
27%
6 Florian Kringe
21%
24 Chris Löwe
16%
Keine übereinstimmenden Quizze gefunden
Verteilung der Resultate
Anzahl Personen mit jedem Resultat
Perzentil nach korrekt beantworteten Fragen
Ihre Resultats-Entwicklung
Sie haben dieses Quiz noch nicht gespielt